000
00281 a2200121 4500
000
nam a22 7a 4500
100
_a
Vega Everly
110
_a
Vega Everly
245
_a
Neural Networks
260
_b
BRILLIANCE PUBLICATIONS
264
_b
BRILLIANCE PUBLICATIONS
942
_c
BK
999
_c
394840
_d
394840